000 00242nam a2200097Ia 4500
001 1206920
005 20250827022815.0
008 250824s9999 xx 000 0 und d
245 0 _aKÜRT MESELESİ
_cKAZIM KARABEKİR
260 _bEMRE YAYINLARI
999 _c1206920
_d1206920